Vorwort
Predslov k zborníku s príspevkami skúmajúcimi dnešný svet v jeho kultúrnej a jazykovej oblasti. Globalizácia a medzinárodné prepojenie svetovej spoločnosti, cez ktoré je možné rýchlejšie prekonať priestorové vzdialenosti pomocou komunikácie, na druhej strane však mentálne a jazykové vzdialenosti zos...
Gespeichert in:
| 1. Verfasser: | |
|---|---|
| Format: | Buchkapitel |
| Sprache: | Deutsch |
| Schlagworte: | |
| Tags: |
Keine Tags, Fügen Sie das erste Tag hinzu!
|
MARC
| LEADER | 00000naa$a2200000$$$4500 | ||
|---|---|---|---|
| 001 | 0278588 | ||
| 005 | 20240502083845.3 | ||
| 041 | 0 | |a ger | |
| 044 | |a CZ | ||
| 245 | 1 | 0 | |a Vorwort |c Silvia Adamcová |
| 520 | |a Predslov k zborníku s príspevkami skúmajúcimi dnešný svet v jeho kultúrnej a jazykovej oblasti. Globalizácia a medzinárodné prepojenie svetovej spoločnosti, cez ktoré je možné rýchlejšie prekonať priestorové vzdialenosti pomocou komunikácie, na druhej strane však mentálne a jazykové vzdialenosti zostávajú hlavnou prekážkou. | ||
| 610 | 2 | 0 | |a jazykoveda |
| 610 | 2 | 0 | |a jazyky cudzie |
| 610 | 2 | 0 | |a globalizácia |
| 610 | 2 | 0 | |a komunikácia interkultúrna |
| 610 | 2 | 0 | |a pedagogika |
| 610 | 2 | 0 | |a vzdelávanie vysokoškolské |
| 100 | 1 | |a Adamcová, Silvia, 1984- | |